Statistics for Who/What Is Missing? #1

Click here to take the quiz!

General Stats

  • This quiz has been taken 69 times
  • The average score is 10 of 16

Answer Stats

HintAnswer% Correct
England / Scotland / Northern IrelandWales (Countries of the United Kingdom)
93%
Who / Where / When / WhyWhat (The Journalistic Ws)
86%
Africa / Asia / Australia / Europe / North America / South AmericaAntarctica (The Continents)
83%
John Lennon / Paul McCartney / Ringo StarrGeorge Harrison (The Beatles)
78%
Eeny / Meeny / MinyMoe (Children's Counting Rhyme)
78%
Alpha / Beta / DeltaGamma (First 4 Greek Letters)
74%
Reduce / RecycleReuse (The 3 Rs of Conservation)
74%
Costa Rica / El Salvador / Guatemala / Honduras / Nicaragua / PanamaBelize (Central American Countries)
59%
Afghanistan / Kazakhstan / Kyrgyzstan / Pakistan / Turkmenistan / UzbekistanTajikistan (Countries ending in -Stan)
59%
Bashful / Doc / Dopey / Grumpy / Happy / SleepySneezy (The 7 Dwarves)
55%
Dancer / Dasher / Prancer / Comet / Cupid / Donner / Blitzen / RudolphVixen (Santa's Reindeer)
52%
Atlantic / Pacific / Indian / ArcticSouthern (Oceans of the World)
50%
Army / Navy / Air Force / MarinesCoast Guard (branches of U.S. Military)
45%
Chad / Cuba / Iraq / Iran / Laos / Mali / Oman / Peru / TogoFiji (4 Letter Countries)
45%
Jackie / Jermaine / Marlon / MichaelTito (The Jackson 5)
43%
Envy / Greed / Lust / Pride / Sloth / WrathGluttony (The 7 Deadly Sins)
31%

Score Distribution

Percentile by Number Answered

Percent of People with Each Score

Your Score History

You have not taken this quiz